000 00228 a2200097 4500
100 _aKeenan & Kaye
245 _aGas Tables
260 _aNew York
_bJohn Wiley & Sons Inc
_c
090 _c23457
_d23457
942 _aNUST-CAE
_cM
_c14955
999 _c402149
_d402149